000 01303nam a22001697a 4500
003 OSt
005 20220107122810.0
008 160329b xxu||||| |||| 00| 0 eng d
040 _c
100 _aVed Prakash (93613036)
_98771
245 _aVAPT : Vulnerability assessment and penetration testing of mydeals247 website
502 _bMaster of Science in Computer Science and Information security
_c2013-2015
_dEXT
_eMeraj Uddin
_fVomshi Krishna
_g"MyDeals247 Eccommerce Pvt Ltd."
520 _a Hiding a secret is needed in many situations. One might need to hide a password, anencryption key, a secret recipe, and etc. Information can be secured with encryption, but the need to secure the secret key used for such encryption is important too.Ecommerce website need to update constantly in technical perspective and marketing perspective . This project is based on SHA1 algorithm and VAPT tools for web application security and proper functioning. It is a form of secret hiding,error hiding and detecting loopholes in a web applications where a secret is divided into parts, giving each participant its own unique part, where some of the parts or all of them are needed in order to reconstruct the secret.
650 _aSECURITY AND PRIVACY
_98772
650 _aNETWORK SECURITY
_98773
942 _2ddc
_cPR
999 _c5050
_d5050